Paroles - Ella, Elle l'a - France Gall - Statistiques

Statistiques générales
  • Ce quiz a été pris 470 fois
  • Le résultat moyen est 148 sur 197
Statistiques - réponses
Réponse % Correct
Ce
98%
ce
98%
elle
97%
Elle
97%
la
96%
l'a
96%
Que
89%
que
89%
un
89%
ne
88%
Qui
88%
qui
88%
de
87%
Ella
87%
je
85%
a
84%
dans
84%
et
83%
tout
83%
C'est
82%
quoi
82%
en
81%
comme
80%
Comme
80%
nous
80%
se
79%
tu
79%
Tu
79%
une
79%
Du
78%
du
78%
les
77%
met
77%
pas
77%
des
76%
drôle
75%
te
75%
voix
75%
Entre
74%
entre
74%
n'sais
74%
Cet
72%
d'état
72%
fait
72%
n'ont
71%
petit
71%
bien
70%
Cette
70%
d'autres
70%
l'as
70%
sentir
68%
toi
68%
chose
67%
Si
67%
sur
67%
Sur
67%
ton
67%
étrangement
66%
noir
66%
sourire
66%
peuple
65%
Quelque
65%
toute
65%
belle
64%
mains
64%
ou
64%
rend
64%
Tape
62%
l'histoire
61%
peut
61%
tonneaux
61%
balance
60%
don
60%
viens
59%
ciel
58%
d'âme
57%
danse
57%
mettre
57%
supplément
57%
ça
56%
Dieu
56%
dire
56%
chagrin
55%
l'amour
55%
pianos
53%
petite
51%
charme
50%
Mais
50%
paraît
50%
vois
49%
flamme
48%
gaieté
48%
rire
48%
sois
48%
rien
47%
s'achète
44%
dorment
43%
indéfinissable
43%
roi
43%
l'désespoir
42%
joie
40%
Quand
38%
encore
37%
Montre
37%
cherches
33%
pouvoirs
33%
n'aies
27%
Aucun quiz correspondant
Distribution des résultats
% des personnes avec chaque résultat
Percentile par nombre de réponses
Votre historique - résultats
Vous n’avez pas pris ce quiz